Современная газотранспортная отрасль: перспективы, проблемы, решения: материалы IX научно-практической конференции молодых ученых и специалистов, 9-11 апреля 2019 г., г. Томск; в 2 т.

Dades bibliogràfiques
Autor corporatiu: Газпром (570), Газпром трансгаз Томск, Современная газотранспортная отрасль: перспективы, проблемы, решения
Idioma:rus
Publicat: Томск, Офсет центр, 2019
Format: Llibre
KOHA link:https://koha.lib.tpu.ru/cgi-bin/koha/opac-detail.pl?biblionumber=673101

MARC

LEADER 00000nam1a22000003 4500
001 673101
005 20240627141119.0
010 |a 978-5-6042143-8-1 
090 |a 673101 
100 |a 20240617d2019 k||y0rusy50 ca 
101 0 |a rus 
102 |a RU 
200 1 |a Современная газотранспортная отрасль: перспективы, проблемы, решения  |e материалы IX научно-практической конференции молодых ученых и специалистов, 9-11 апреля 2019 г., г. Томск  |e в 2 т.  |f Газпром, Газпром трансгаз Томск 
210 |a Томск  |c Офсет центр  |d 2019 
517 1 |a Материалы IX научно-практической конференции молодых ученых и специалистов "Современная газотранспортная отрасль: перспективы, проблемы, решения" 
517 1 |a Материалы 9 научно-практической конференции молодых ученых и специалистов "Современная газотранспортная отрасль: перспективы, проблемы, решения" 
712 0 2 |a Газпром  |c (Москва)  |c (1989- )  |4 570  |9 23124 
712 0 2 |a Газпром трансгаз Томск  |c Общество с ограниченной ответственностью  |4 570  |9 25969 
712 1 2 |a Современная газотранспортная отрасль: перспективы, проблемы, решения  |c научно-практическая конференция  |4 570  |d 9  |e Томск  |f 2019 
801 0 |a RU  |b 63413507  |c 20240617 
850 |a 63413507 
942 |c BK